000 00756nam a2200289Ia 4500
001 76669
003 IT-RoPAU
008 130308s9999 xx 000 0 und d
040 _aIT-RoPAU
040 _cIT-RoPAU
041 _aITALIANO
100 _aLissa Zofia
100 _gCodice Aut. SPICS: 4588
245 _aTeoria della ricezione musicale
245 _bEsperienza Musicale (L')-Teoria e storia della Ricezione
250 _a1a ed.
260 _aTORINO
260 _bEDT
260 _c1989 [1° Ed.:1989 - Ed.Ling.Originale:1989]
300 _a"13 p. (prefazione: no ; testo: 13 [pagine: 69-81])"
650 _aSAGGI MUSICALI
650 _eCodice materia Spics: 7011
942 _cBK
957 _71
999 _c60527
_d60527
999 _bSI
999 _g1